Sports Quiz

Random Sports or World Quiz

World Cup final stars Quiz Stats

 Plays Quiz not verified by Sporcle

Challenge
Share
Tweet
Embed
Score 0/21 Timer 07:00
0 Plays Today
question Players name % Correct
Scored 15 goals in finals for BrazilRonaldo
100%
Scored the 'hand of God' goalDiego Maradona
95.8%
Scored and was sent off in a world cup final gameZinedine Zidane
81.7%
is the only player to have won three World Cup championshipsPele
81.7%
Scored 5 goals and 3 assists for Germany in 2010Thomas Müller
76.1%
scored the winning goal in the 116th minute of the 2010 FIFA World Cup FinalAndrés Iniesta
76.1%
Was sent off for handball against Ghana in 2010Luis Suarez
69%
Scored the winner for Brazil to knock out England in 2002Ronaldinho
67.6%
At 38 was the star of the Cameroon team of 1990Roger Milla
67.6%
England player who won a golden bootGary Lineker
63.4%
famous for falling down holding his face in 2002 against TurkeyRivaldo
56.3%
question Players name % Correct
record holder for most goals in a single World Cup. 13 goals in 1958.Just Fontaine
56.3%
Classy English defender and captain of their 1966 World Cup winning teamBobby Moore
53.5%
Brazilian midfielder and captain of their 'Dreamteam' in 1982Sócrates
53.5%
the oldest ever winner of the World Cup , he captained Italy to the title in 1982.Dino Zoff
53.5%
World Cup winner in 1966. Hat-trick hero in the finalGeoff Hurst
53.5%
Scored 6 goals for Argentina in the 1978 finalsMario Kempes
49.3%
scored a wonder goal against Argentina in 1998Michael Owen
46.5%
scored the fastest goal in FIFA World Cup historyHakan Sukur
45.1%
Legendary German goalkeeper of the 1970s. World Cup winner in 1974Sepp Maier
42.3%
Played in 5 world cup finals for GermanyLothar Matthäus
36.6%

You're not logged in!

Compare scores with friends on all Sporcle quizzes.
Join for Free
OR
Log In

You Might Also Like...

Show Comments

Extras

Top Quizzes Today


Score Distribution

Your Account Isn't Verified!

In order to create a playlist on Sporcle, you need to verify the email address you used during registration. Go to your Sporcle Settings to finish the process.

Report this User

Report this user for behavior that violates our Community Guidelines.

Details: